| 000 | 00383nam a22001697a 4500 | ||
|---|---|---|---|
| 003 | SGT | ||
| 020 | _a978819056810 | ||
| 082 |
_a617 _bM21D |
||
| 100 | _aDas, Somen | ||
| 245 | _aA Manual on Clinical Surgery | ||
| 250 | _a15th | ||
| 260 |
_bS. D. Publications _c2021 |
||
| 300 | _a648 | ||
| 650 | _aClinical Surgery | ||
| 653 | _aClinical Surgery; Surgery | ||
| 942 |
_2ddc _cBK _073 |
||
| 999 |
_c22853 _d22853 |
||